"The purple moon", (Record no. 18235)
[ view plain ]
| 000 -LEADER | |
|---|---|
| fixed length control field | 00574cam a22002051 4500 |
| 001 - CONTROL NUMBER | |
| control field | ca 36001250 |
| 003 - CONTROL NUMBER IDENTIFIER | |
| control field | DLC |
| 005 - DATE AND TIME OF LATEST TRANSACTION | |
| control field | 20260227111143.0 |
| 008 - FIXED-LENGTH DATA ELEMENTS--GENERAL INFORMATION | |
| fixed length control field | 800130s1935 mnua 000 0 eng |
| 010 ## - LIBRARY OF CONGRESS CONTROL NUMBER | |
| LC control number | ca 36001250 |
| 035 ## - SYSTEM CONTROL NUMBER | |
| System control number | (OCoLC)5927584 |
| 040 ## - CATALOGING SOURCE | |
| Original cataloging agency | DLC |
| Transcribing agency | OCl |
| Modifying agency | DLC |
| 042 ## - AUTHENTICATION CODE | |
| Authentication code | premarc |
| 050 00 - LIBRARY OF CONGRESS CALL NUMBER | |
| Classification number | PS3537.P442 |
| Item number | P8 1935 |
| 082 ## - DEWEY DECIMAL CLASSIFICATION NUMBER | |
| Classification number | 812.5 |
| 100 1# - MAIN ENTRY--PERSONAL NAME | |
| Personal name | Spence, Wall. |
| 245 15 - TITLE STATEMENT | |
| Title | "The purple moon", |
| Remainder of title | a romantic comedy in three acts, |
| Statement of responsibility, etc. | by Wall Spence. |
| 260 ## - PUBLICATION, DISTRIBUTION, ETC. | |
| Place of publication, distribution, etc. | Minneapolis, Minn., |
| Name of publisher, distributor, etc. | The Northwestern press, |
| Date of publication, distribution, etc. | c1935. |
| 300 ## - PHYSICAL DESCRIPTION | |
| Extent | 95 p. |
| Other physical details | diagr. |
| Dimensions | 19 cm. |
No items available.